00505nam a2200157Ia 450000500170000000800410001708200130005824500260007126000570009730000120015450000390016670000260020594200060023195200950023799900150033220250704014324.0240331s9999 xx 000 0 und d bAGAa920 0aAgamathi thun kattuwa aChilawbChilaw Electrol Division people's Conference a67 p ., aThe Prime Minister is three - fold aFernando,W.A.H. eedt cL 001040708LaWERCLbWERCLcSSCd2024-03-31l0o 920 AGAp3765r2024-03-31w2024-03-31yL c1806d1806